Electronics manufacturing in Batam : a case study of four multinational companies /
Saved in:
| 主要作者: | |
|---|---|
| 格式: | Thesis 图书 |
| 语言: | English |
| 出版: |
1994.
|
| 主题: | |
| 标签: |
添加标签
没有标签, 成为第一个标记此记录!
|
| LEADER | 00947cam a2200253 a 4500 | ||
|---|---|---|---|
| 001 | u340255 | ||
| 003 | SIRSI | ||
| 008 | 931120s1994 si v 00 1 eng m | ||
| 035 | |a ABQ-7311 | ||
| 040 | |a UMM | ||
| 043 | |a a-io | ||
| 090 | |a HD9696 |b A3I5Loo | ||
| 100 | 1 | 0 | |a Loo, Derek Chung Jin. |
| 245 | 1 | 0 | |a Electronics manufacturing in Batam : |b a case study of four multinational companies / |c by Loo Chung Jin, Derek. |
| 260 | |c 1994. | ||
| 300 | |a 92 leaves : |b ill. ; |c 30 cm. | ||
| 502 | |a Dissertation (M.B.A.) -- National University of Singapore, 1994. | ||
| 504 | |a Bibliography: leaves 90-92. | ||
| 650 | 0 | |a Electronic industries |z Indonesia |z Pulau Batam |x Planning. | |
| 650 | 0 | |a Strategic planning |z Indonesia |z Pulau Batam |x Case studies. | |
| 651 | 0 | |a Pulau Batam (Indonesia) |x Manufactures |x Planning. | |
| 948 | |a 20/11/1993 |b 03/12/1998 | ||
| 596 | |a 1 | ||
| 999 | |a F HD9696 A3I5LOO |w LC |c 1 |i A504497183 |d 2/7/1997 |l STACKS |m P01UTAMA |n 8 |r Y |s Y |t TESIS |u 20/1/1994 | ||
